লোডিং...
Electronic communication systems
| প্রধান লেখক: | |
|---|---|
| বিন্যাস: | Printed Book |
| প্রকাশিত: |
singapore
Thomson learning
2002
|
| সংস্করন: | second edition |
| LEADER | 00433nam a22001337a 4500 | ||
|---|---|---|---|
| 999 | |c 264060 |d 264060 | ||
| 020 | |a 9789812406118 | ||
| 082 | |a 621382752 | ||
| 100 | |a BLAKE,Roy | ||
| 245 | |a Electronic communication systems | ||
| 250 | |a second edition | ||
| 260 | |a singapore |b Thomson learning |c 2002 | ||
| 942 | |c BK | ||
| 952 | |0 0 |1 0 |4 0 |6 621_382752000000000_BLA_E |7 0 |9 280693 |a DOP |b DOP |d 2020-02-03 |l 0 |o 621.382752 BLA/E |p DOP544 |r 2020-02-03 |t 1 |w 2020-02-03 |y BK | ||